Himmelwärts / das Unbekannte Leben / Mit Dem Kopf Durch Die Wand.

Ödön von Horváth (1901-1938) ist einer der meistbeachteten Autoren des 20. Jahrhunderts. Die Wiener Ausgabe bietet eine kritische Gesamtedition seines Werkes: Ediert werden alle abgeschlossenen und Fragment gebliebenen Werke sowie sämtliche Briefe und Lebensdokumente des Autors. Die gesicherten...

Full description

Bibliographic Details
Main Author: Streitler-Kastberger, Nicole.
Format: eBook
Language:German
Published: Berlin/Boston : Walter de Gruyter GmbH, 2020.
Edition:1st ed.
Subjects:
Online Access:Click to View
LEADER 03084nam a22003613i 4500
001 EBC6637741
003 MiAaPQ
005 20231204023217.0
006 m o d |
007 cr cnu||||||||
008 231204s2020 xx o ||||0 ger d
020 |a 9783110584707  |q (electronic bk.) 
035 |a (MiAaPQ)EBC6637741 
035 |a (Au-PeEL)EBL6637741 
035 |a (OCoLC)1281958970 
040 |a MiAaPQ  |b eng  |e rda  |e pn  |c MiAaPQ  |d MiAaPQ 
100 1 |a Streitler-Kastberger, Nicole. 
245 1 0 |a Himmelwärts / das Unbekannte Leben / Mit Dem Kopf Durch Die Wand. 
250 |a 1st ed. 
264 1 |a Berlin/Boston :  |b Walter de Gruyter GmbH,  |c 2020. 
264 4 |c {copy}2020. 
300 |a 1 online resource (938 pages) 
336 |a text  |b txt  |2 rdacontent 
337 |a computer  |b c  |2 rdamedia 
338 |a online resource  |b cr  |2 rdacarrier 
505 0 |a Intro -- Inhalt -- Himmelwärts -- Vorwort -- Lesetext -- Vorarbeit 1: Himmelwärts - Zauberposse in sieben Bildern: Merkl -- Vorarbeit 2: Himmelwärts - Zauberposse in sieben Bildern: Kasimir -- Konzeption 1: Himmelwärts - Märchen in zwei Teilen -- Konzeption 2: Himmelwärts - Nachbearbeitungen -- Himmelwärts. Märchen (Endfassung, emendiert) -- Kommentar -- Chronologisches Verzeichnis -- Das unbekannte Leben Mit dem Kopf durch die Wand -- Vorwort -- Lesetext -- Vorarbeit: Die Unbekannte der Seine -- Konzeption 1: L'inconnue de la Seine - Komödie in fünf Akten -- Konzeption 2: Das unbekannte Leben - Komödie -- Konzeption 3: Mit dem Kopf durch die Wand - Komödie in vier Akten -- Das unbekannte Leben. Komödie (Endfassung in fünf Akten, emendiert) -- Das unbekannte Leben. Komödie (Endfassung in vier Akten, emendiert) -- Mit dem Kopf durch die Wand. Komödie (Endfassung in vier Akten, emendiert) -- Kommentar -- Chronologisches Verzeichnis -- Übersichtsgrafik -- Hertha Pauli: L'inconnue de la Seine -- Anhang -- Editionsprinzipien -- Siglen und Abkürzungen -- Literaturverzeichnis -- Inhalt (detailliert). 
520 |a Ödön von Horváth (1901-1938) ist einer der meistbeachteten Autoren des 20. Jahrhunderts. Die Wiener Ausgabe bietet eine kritische Gesamtedition seines Werkes: Ediert werden alle abgeschlossenen und Fragment gebliebenen Werke sowie sämtliche Briefe und Lebensdokumente des Autors. Die gesicherten Endfassungen der Texte werden ergänzt durch die genaue Darlegung ihres Entstehungsprozesses und die philologische Neubewertung vieler Quellen. 
588 |a Description based on publisher supplied metadata and other sources. 
590 |a Electronic reproduction. Ann Arbor, Michigan : ProQuest Ebook Central, 2023. Available via World Wide Web. Access may be limited to ProQuest Ebook Central affiliated libraries.  
655 4 |a Electronic books. 
776 0 8 |i Print version:  |a Streitler-Kastberger, Nicole  |t Himmelwärts / das Unbekannte Leben / Mit Dem Kopf Durch Die Wand  |d Berlin/Boston : Walter de Gruyter GmbH,c2020 
797 2 |a ProQuest (Firm) 
856 4 0 |u https://ebookcentral.proquest.com/lib/matrademy/detail.action?docID=6637741  |z Click to View